| 000 | 00670nam a2200241Ia 4500 | ||
|---|---|---|---|
| 003 | OSt | ||
| 005 | 20221005083745.0 | ||
| 006 | a|||||r|||| 00| 0 | ||
| 007 | ta | ||
| 008 | 221004b |||||||| |||| 00| 0 eng d | ||
| 024 | _a48233 | ||
| 037 | _cTextual | ||
| 040 |
_aCRL _cCRL _beng |
||
| 041 |
_2eng _aeng |
||
| 082 | _aQ224:45.25296, N0 | ||
| 100 | _aElst Koenraad | ||
| 245 | 0 |
_aRam Janma Bhoomi vs Babri Masjid _b A case study in Hindu Muslim confict |
|
| 260 |
_aNew Delhi _bVocie of India _c1990 |
||
| 300 |
_a173p. _ccm. |
||
| 650 | _aRELIGION | ||
| 942 |
_hQ224:45.25296, N0 _cTEXL _2cc |
||
| 999 |
_c991494 _d991494 |
||